Todos os Call of Duty - Statistics

Estatísticas Gerais
  • Esse quiz foi jogado 60 vezes
  • A pontuação média é 13 de 21
Estatísticas das Respostas
Ano de lançamento Jogo % Correto
2010 Call of Duty: Black Ops
98%
2003 Call of Duty
85%
2019 Call of Duty: Modern Warfare
85%
2012 Call of Duty: Black Ops II
83%
2007 Call of Duty 4: Modern Warfare
80%
2015 Call of Duty: Black Ops III
80%
2005 Call of Duty 2
78%
2018 Call of Duty: Black Ops 4
78%
2006 Call of Duty 3
73%
2009 Call of Duty: Modern Warfare 2
71%
2020 Call of Duty: Black Ops Cold War
66%
2011 Call of Duty: Modern Warfare 3
63%
2014 Call of Duty: Advanced Warfare
59%
2013 Call of Duty: Ghosts
59%
2024 Call of Duty: Black Ops 6
49%
2008 Call of Duty: World at War
46%
2016 Call of Duty: Infinite Warfare
39%
2021 Call of Duty: Vanguard
32%
2017 Call of Duty: WWII
29%
2022 Call of Duty: Modern Warfare II
17%
2023 Call of Duty: Modern Warfare III
17%
Nenhum quiz correspondente encontrado
Distribuição das Pontuações
Porcentagem de Pessoas com Cada Pontuação
Percentil de Números Respondidos
Sua Pontuação Histórica
Você não jogou esse quiz